000 00638nam a22001815i 4500
001 160886
003 ES-MaACL
005 20251122063133.0
008 041004s1858 sp |||| | spa d
040 _aCAM
_bspa
_cCAM
100 1 _aO'Donnell y Joris, Enrique,
_d1816-1869
_9149469
245 1 3 _aLa democracia espaƱola /
_cpor Enrique O'Donnell.
260 _aMadrid :
_b[s.n.],
_c1858 (
_fImprenta de Manuel Minuesa)
300 _a82 p. ;
_c20 cm.
650 7 _aDemocracia
_2embne
_911574
852 _aES-MaACL
_jT-1-F-3
_z-- Enc. hol.
_q-- Falto de la cub. original
_z-- Enc. en un vol. facticio
999 _c160886
_d160886